000 00260nam a2200097Ia 4500
001 691753
005 20250826161841.0
008 250824s9999 xx 000 0 und d
245 0 _aHAYAT KAYNAĞI KURAN TEFSİRİ 2
_cPROF. DR. M. SAİD ŞİMŞEK
260 _bBEYAN
999 _c691753
_d691753